Statistics for Word Ladder #7 - Comedic Trio Edition

Click here to take the quiz!

General Stats

  • This quiz has been taken 241 times
  • The average score is 13 of 17

Answer Stats

HintAnswer% Correct
Not less, but ____.More
96%
Over the River and _______ the Woods.Through
86%
Number of trio members. (Duh!)Three
85%
Choice on T/F question.True
84%
Asian spice mix: _____ powder.Curry
79%
The Magdalene.Mary
79%
Type of eel.Moray
76%
Nickelodeon teen sitcom: i_____.Carly
75%
Trio member: Nyuk, nyuk!Curly
75%
Trio member: Alpha male with bangs.Moe
75%
Stephen King’s telekinetic heroine.Carrie
74%
Trio member: wildly frizzy hair.Larry
71%
Covered with dog hair.Furry
70%
And what are these three jokers?Stooges
68%
Gratis.Free
66%
Thick soups.Stews
63%
Carelessly spread on the ground.Strew
53%

Score Distribution

Percentile by Number Answered

Percent of People with Each Score

Your Score History

You have not taken this quiz